[Event "1. jun. liga - 2017."]
[Site "Sv. Filip i Jakov, TN "]
[Date "2017.04.20"]
[Round "4.1"]
[White "Jambresic, Filip"]
[Black "Tomulic, Teo"]
[Result "1/2-1/2"]
[WhiteElo "1966"]
[BlackElo "2271"]
[PlyCount "147"]
[EventDate "2017.04.18"]

1. Nf3 Nc6 2. c4 e5 3. d3 Nf6 4. Nc3 d5 5. cxd5 Nxd5 6. g3 Be7 7. Bg2 Nb6 8.
O-O O-O 9. a3 Be6 10. b4 a5 11. b5 Nd4 12. Nxd4 exd4 13. Na4 Bd5 14. Nxb6 cxb6
15. a4 Bxg2 16. Kxg2 Qd5+ 17. Kg1 Rad8 18. Ba3 Rfe8 19. Bxe7 Rxe7 20. Rc1 f5
21. Qd2 Rde8 22. Rfe1 h6 23. h4 Rf8 24. Qf4 g5 25. hxg5 hxg5 26. Qxg5+ Rg7 27.
Qf4 Rg4 28. Qf3 Qd7 29. e3 Rg6 30. Rc4 dxe3 31. Rxe3 Qd6 32. Qf4 Qf6 33. Qe5 f4
34. Qxf6 Rfxf6 35. Rf3 fxg3 36. Rxf6 gxf2+ 37. Kxf2 Rxf6+ 38. Ke3 Kf7 39. Rc7+
Ke6 40. Rxb7 Kd5 41. Rh7 Kc5 42. Rh4 Rf1 43. Rc4+ Kd5 44. Rd4+ Kc5 45. Rc4+ Kd5
46. Kd2 Ra1 47. Kc2 Ra2+ 48. Kb3 Rd2 49. Kc3 Ra2 50. Rh4 Ra3+ 51. Kc2 Kc5 52.
Rh5+ Kb4 53. Rh4+ Kc5 54. Rb4 Kd5 55. Rc4 Ra2+ 56. Kb3 Rd2 57. Kc3 Ra2 58. Rd4+
Kc5 59. Rg4 Ra3+ 60. Kc2 Ra2+ 61. Kb3 Rd2 62. Kc3 Ra2 63. Rg5+ Kd6 64. Rg6+ Kd5
65. Kb3 Rd2 66. Rxb6 Rxd3+ 67. Kb2 Rd4 68. Kb3 Rd3+ 69. Kb2 Rd4 70. Rh6 Rxa4
71. Rh5+ Kc4 72. Rh4+ Kxb5 73. Rxa4 Kxa4 74. Ka2 1/2-1/2

[Event "1. jun. liga - 2017."]
[Site "Sv. Filip i Jakov, TN "]
[Date "2017.04.20"]
[Round "4.1"]
[White "Safar, Sandro"]
[Black "Golub, Nikolina"]
[Result "1-0"]
[WhiteElo "2126"]
[BlackElo "1881"]
[PlyCount "93"]
[EventDate "2017.04.18"]

1. e4 e6 2. d4 d5 3. Nd2 Nf6 4. e5 Nfd7 5. Bd3 c5 6. c3 Nc6 7. Ndf3 Qb6 8. Ne2
cxd4 9. cxd4 Bb4+ 10. Kf1 Be7 11. a3 Qc7 12. b4 a6 13. Nf4 h5 14. h4 Nb6 15.
Bb2 Bd7 16. Rc1 Rc8 17. Ng5 Bxg5 18. hxg5 g6 19. Qf3 Rf8 20. g4 hxg4 21. Qxg4
Na4 22. Ba1 Qb6 23. Qd1 Na7 24. Rxc8+ Nxc8 25. Kg2 Qd8 26. Qg4 Ne7 27. Rh7 Qc8
28. Rh1 b5 29. Ne2 Nb6 30. Bb2 Nc4 31. Bc1 Qc7 32. Qf4 Nf5 33. Bxf5 gxf5 34.
Ng3 Kd8 35. Rh7 Kc8 36. Nh5 Qd8 37. Nf6 Nb6 38. Qh4 Qc7 39. Bf4 Qc3 40. Qh6 Rd8
41. Rxf7 Qxd4 42. g6 Be8 43. Be3 Qxe5 44. Bxb6 Rd6 45. Bc7 Bxf7 46. gxf7 Kxc7
47. f8=Q 1-0

[Event "1. jun. liga - 2017."]
[Site "Sv. Filip i Jakov, TN "]
[Date "2017.04.20"]
[Round "4.1"]
[White "Rickovic, Tomislav"]
[Black "Batory, Lucija"]
[Result "0-1"]
[WhiteElo "1636"]
[BlackElo "1676"]
[PlyCount "124"]
[EventDate "2017.04.18"]

1. Nf3 Nf6 2. g3 d5 3. d3 c5 4. Bg2 Nc6 5. O-O e6 6. Bg5 Be7 7. c4 O-O 8. cxd5
Nxd5 9. Bxe7 Qxe7 10. Nc3 b6 11. e4 Nf6 12. a3 Bb7 13. Qc2 Rac8 14. Ne2 Rfd8
15. Rfd1 Ba6 16. Bf1 Qd7 17. Ne1 Ne5 18. Nc3 Bb7 19. Rac1 Nc6 20. Ne2 Ng4 21.
h3 Nge5 22. f4 Nd4 23. Nxd4 Qxd4+ 24. Qf2 Nc6 25. Nf3 Qxf2+ 26. Kxf2 Nd4 27.
Nxd4 Rxd4 28. Ke3 Rcd8 29. Be2 Kf8 30. Rc4 Ke7 31. Rdc1 a6 32. Rxd4 Rxd4 33.
Rc3 Kd6 34. b3 e5 35. fxe5+ Kxe5 36. Rc4 h6 37. Rc2 f6 38. h4 Bc8 39. Rc1 a5
40. Kd2 Be6 41. Kc2 f5 42. exf5 Bxf5 43. Re1 Kd6 44. Rf1 Bg4 45. Kd2 Kd5 46.
Bf3+ Bxf3 47. Rxf3 Rg4 48. Ke3 Ke5 49. Ke2 Kd4 50. Kd2 h5 51. Re3 b5 52. Rf3 g6
53. Rf4+ Rxf4 54. gxf4 a4 55. bxa4 bxa4 56. Kc2 c4 57. dxc4 Kxc4 58. Kb2 Kd3
59. Ka1 Kc3 60. Ka2 Kc2 61. Ka1 Kb3 62. Kb1 Kxa3 0-1

[Event "1. jun. liga - 2017."]
[Site "Sv. Filip i Jakov, TN "]
[Date "2017.04.20"]
[Round "4.1"]
[White "Troselj, Ivan"]
[Black "Mesar, Vedran"]
[Result "0-1"]
[WhiteElo "1690"]
[BlackElo "1504"]
[PlyCount "46"]
[EventDate "2017.04.18"]

1. e4 c5 2. Nf3 Nc6 3. c3 g6 4. Bd3 Bg7 5. Bc2 Nf6 6. d4 cxd4 7. cxd4 O-O 8.
O-O d5 9. e5 Nd7 10. Be3 f6 11. Nc3 Nb6 12. Bb3 Na5 13. Rc1 Bg4 14. Bc2 Nac4
15. b3 Bxf3 16. Qxf3 fxe5 17. Qg4 Nxe3 18. fxe3 exd4 19. exd4 Qc8 20. Rxf8+
Bxf8 21. Bd1 Bg7 22. Qf4 Qf8 23. Qc7 Bxd4+ 0-1

[Event "1. jun. liga - 2017."]
[Site "Sv. Filip i Jakov, TN "]
[Date "2017.04.20"]
[Round "4.2"]
[White "Ghersinich, Enrico"]
[Black "Saric, Luka"]
[Result "1/2-1/2"]
[WhiteElo "2029"]
[BlackElo "2129"]
[PlyCount "72"]
[EventDate "2017.04.18"]

1. e4 c5 2. Nf3 e6 3. c3 Nf6 4. e5 Nd5 5. Bc4 d6 6. d4 cxd4 7. cxd4 Nc6 8. O-O
Nb6 9. Bb3 dxe5 10. dxe5 Qxd1 11. Rxd1 Be7 12. Nc3 O-O 13. Be3 Na5 14. Nb5 Nac4
15. Bd4 Na5 16. Nxa7 Nxb3 17. axb3 Nd5 18. Nb5 Bd7 19. Nc3 Bc6 20. Nd2 Rfd8 21.
Nc4 Bb4 22. Nxd5 Rxa1 23. Rxa1 Bxd5 24. Bb6 Rf8 25. Bc7 f6 26. Bd6 Bxd6 27.
exd6 Rd8 28. Rd1 b5 29. Ne3 Bxb3 30. Rd3 Bc4 31. Nxc4 bxc4 32. Rd4 e5 33. Rxc4
Rxd6 34. g3 Rb6 35. b4 Rb7 36. Kf1 Kf7 1/2-1/2

[Event "1. jun. liga - 2017."]
[Site "Sv. Filip i Jakov, TN "]
[Date "2017.04.20"]
[Round "4.2"]
[White "Cotic, Borna"]
[Black "Pahljina, Marko"]
[Result "1/2-1/2"]
[WhiteElo "1985"]
[BlackElo "1922"]
[PlyCount "94"]
[EventDate "2017.04.18"]

1. e4 d6 2. d4 Nf6 3. Nc3 Nbd7 4. Nf3 e5 5. Bc4 Be7 6. O-O c6 7. a4 a5 8. Re1
O-O 9. h3 Qc7 10. Be3 h6 11. Qd2 Re8 12. Rad1 Bf8 13. d5 Nb6 14. Bb3 Bd7 15.
Qe2 cxd5 16. exd5 Rac8 17. Nd2 Bf5 18. Nb5 Qd8 19. c4 Nbd7 20. Ba2 Nc5 21. Bxc5
Rxc5 22. Bb1 Bxb1 23. Rxb1 Rc8 24. b3 Nd7 25. Ne4 Qb6 26. Qe3 Nc5 27. Nxc5 Qxc5
28. Qxc5 dxc5 29. Re2 g5 30. Rbe1 f6 31. g3 Red8 32. Kg2 Rd7 33. Kf3 Kf7 34.
Ke4 Kg6 35. g4 Bd6 36. Re3 Rh8 37. Nc3 h5 38. f3 Rdh7 39. R3e2 h4 40. Nd1 Rd7
41. Ne3 Re8 42. Nf5 Rc8 43. Kd3 Rh8 44. Rh1 Rhh7 45. Ke4 Rh8 46. Rf1 Rhh7 47.
Kd3 Rh8 1/2-1/2

[Event "1. jun. liga - 2017."]
[Site "Sv. Filip i Jakov, TN "]
[Date "2017.04.20"]
[Round "4.2"]
[White "Mainenti, Kevin"]
[Black "Simunic, Krunoslav"]
[Result "1-0"]
[WhiteElo "1816"]
[BlackElo "1947"]
[PlyCount "141"]
[EventDate "2017.04.18"]

1. f4 d5 2. Nf3 Bf5 3. e3 e6 4. b3 Nf6 5. Bb2 Be7 6. Ne5 h6 7. Bd3 Bxd3 8. Nxd3
O-O 9. O-O Nfd7 10. Qg4 Bf6 11. Ne5 Nxe5 12. fxe5 Be7 13. Rf3 c5 14. Rg3 g6 15.
d4 Nc6 16. Nc3 Rc8 17. Ne2 Bg5 18. Nf4 Ne7 19. c3 Nf5 20. Rh3 b5 21. dxc5 Qc7
22. Nd3 Bxe3+ 23. Rxe3 Nxe3 24. Qh3 Nc4 25. Bc1 h5 26. Bg5 Nb2 27. Nxb2 Qxc5+
28. Qe3 Qxc3 29. Qxc3 Rxc3 30. Nd1 Rc6 31. Be3 a5 32. a3 Ra8 33. Kf1 Rc2 34.
Rc1 Rac8 35. Ra1 d4 36. Bxd4 Rd8 37. Bb6 Rd3 38. Bxa5 Rxb3 39. Bb4 Rd3 40. Nf2
Re3 41. Re1 Rb3 42. Rd1 Rbb2 43. Ne4 h4 44. Rd2 Rc1+ 45. Ke2 Rxd2+ 46. Nxd2 Kg7
47. Be7 Rc3 48. Nf3 h3 49. gxh3 Rb3 50. h4 Kh6 51. Ng5 Rb2+ 52. Kf3 Kg7 53. h3
Rc2 54. Ne4 Rc4 55. Bb4 Kh6 56. Nd6 Rxh4 57. Nxf7+ Kg7 58. Ng5 Rh5 59. Kg4 Kg8
60. Bd6 Kg7 61. Nxe6+ Kf7 62. Nf4 Rf5 63. e6+ Ke8 64. Nxg6 Rf6 65. Nf4 Rh6 66.
Kg5 Rh7 67. Nh5 Ra7 68. Nf6+ Kd8 69. e7+ Rxe7 70. Bxe7+ Kxe7 71. Kg6 1-0

[Event "1. jun. liga - 2017."]
[Site "Sv. Filip i Jakov, TN "]
[Date "2017.04.20"]
[Round "4.2"]
[White "Juric Cvitanovic, Katislav"]
[Black "Purini, Bruno"]
[Result "1-0"]
[WhiteElo "1812"]
[BlackElo "1267"]
[PlyCount "72"]
[EventDate "2017.04.18"]

1. e4 e5 2. Nf3 Nc6 3. Bb5 Nf6 4. O-O d6 5. d4 Bd7 6. Nc3 Nxd4 7. Bxd7+ Qxd7 8.
Nxd4 exd4 9. Qxd4 Be7 10. Rd1 O-O 11. e5 Ng4 12. h3 Nxe5 13. Qxe5 Bf6 14. Qg3
Rfe8 15. Nd5 Re6 16. Nxf6+ Rxf6 17. Rd4 Re8 18. Be3 Rg6 19. Rg4 Rxg4 20. Qxg4
Qxg4 21. hxg4 f6 22. Rd1 b6 23. Kf1 Kf7 24. Bd2 c5 25. Bf4 Re4 26. Bxd6 Rxg4
27. Bb8 Ra4 28. Rd7+ Kg6 29. Rxa7 Rb4 30. b3 h5 31. c4 Kh6 32. Bf4+ g5 33. Bd2
h4 34. Rb7 f5 35. Bxb4 cxb4 36. Rxb6+ Kh5 1-0

[Event "1. jun. liga - 2017."]
[Site "Sv. Filip i Jakov, TN "]
[Date "2017.04.20"]
[Round "4.3"]
[White "Muha, Miljenko"]
[Black "Tica, Sven"]
[Result "0-1"]
[WhiteElo "2268"]
[BlackElo "2348"]
[PlyCount "132"]
[EventDate "2017.04.18"]

1. d4 d5 2. Bf4 e6 3. e3 c5 4. c3 Nf6 5. Nd2 Nc6 6. Bd3 Bd6 7. Bg3 O-O 8. Ngf3
b6 9. O-O Bb7 10. Bh4 Be7 11. Qe2 Ne4 12. Bxe7 Nxe7 13. Rfd1 Rc8 14. Rac1 Ng6
15. dxc5 Nxc5 16. Bxg6 hxg6 17. e4 dxe4 18. Nxe4 Qc7 19. Nxc5 Qxc5 20. Rd7 Rc7
21. Rxc7 Qxc7 22. b3 Rd8 23. Rd1 Rxd1+ 24. Qxd1 Kf8 25. c4 Ke7 26. Ne1 Qd6 27.
Qc1 f6 28. Nc2 Be4 29. Ne3 g5 30. Nf1 Kd7 31. Qe3 Bc6 32. Qe2 Qd4 33. Qc2 Kd6
34. Qc1 Kd7 35. Qc2 Kc7 36. Qg6 Qd7 37. h3 Qe7 38. Qd3 Kb7 39. Nd2 Qa3 40. Qc2
Qd6 41. Nf1 a5 42. Qg6 Qd7 43. Qc2 Qd6 44. Qg6 Qe7 45. Qd3 f5 46. Qc3 Qf6 47.
Qxf6 gxf6 48. Nd2 Kc7 49. g3 Kd6 50. Kf1 Ke5 51. Ke2 Kd4 52. f3 e5 53. Nf1 f4
54. gxf4 exf4 55. Nd2 Kc3 56. Kd1 Kd3 57. Ke1 Ke3 58. c5 bxc5 59. a4 Bd5 60.
Kd1 Bxf3+ 61. Ke1 Bd5 62. Nf1+ Kf3 63. h4 gxh4 64. Nh2+ Kg2 65. Ng4 h3 66. Ke2
Bf3+ 0-1

[Event "1. jun. liga - 2017."]
[Site "Sv. Filip i Jakov, TN "]
[Date "2017.04.20"]
[Round "4.3"]
[White "Makovec, Bruno"]
[Black "Starcevic, Ante Leon"]
[Result "1/2-1/2"]
[WhiteElo "2186"]
[BlackElo "2120"]
[PlyCount "44"]
[EventDate "2017.04.18"]

1. c4 Nf6 2. Nc3 d5 3. cxd5 Nxd5 4. g3 g6 5. Bg2 Nxc3 6. bxc3 Bg7 7. h4 c5 8.
Rb1 Nc6 9. h5 Qc7 10. Qa4 Bd7 11. hxg6 hxg6 12. Rxh8+ Bxh8 13. Qb3 b6 14. d3
Na5 15. Qc2 Bc6 16. Bxc6+ Qxc6 17. Nf3 O-O-O 18. c4 Bf6 19. Bb2 Rh8 20. Bxf6
Qxf6 21. Kd2 Nc6 22. Rf1 Kc7 1/2-1/2

[Event "1. jun. liga - 2017."]
[Site "Sv. Filip i Jakov, TN "]
[Date "2017.04.20"]
[Round "4.3"]
[White "Blazeka, Mihaela"]
[Black "Zadravec, Matija"]
[Result "0-1"]
[WhiteElo "2037"]
[BlackElo "2119"]
[PlyCount "82"]
[EventDate "2017.04.18"]

1. d4 d5 2. c4 c6 3. Nf3 Nf6 4. Nc3 a6 5. e3 b5 6. b3 Bg4 7. Be2 e6 8. h3 Bh5
9. O-O Nbd7 10. Ne5 Bxe2 11. Nxe2 Qc7 12. Bb2 Bd6 13. cxd5 cxd5 14. Rc1 Qb8 15.
f4 O-O 16. Rc6 Rd8 17. Qc2 Ne4 18. Rc1 Qb7 19. Kh2 Nb6 20. a4 Bxe5 21. dxe5
bxa4 22. Nd4 Rdc8 23. bxa4 Nc4 24. Rxc8+ Rxc8 25. Ba3 Rb8 26. Bd6 Nexd6 27.
exd6 Nxd6 28. Nc6 Rc8 29. Qc5 Qd7 30. a5 Kh8 31. Qc3 h6 32. Qc5 Nc4 33. Ne5
Rxc5 34. Nxd7 Rxa5 35. e4 Rb5 36. f5 a5 37. exd5 exd5 38. Re1 Nd6 39. Re7 a4
40. Ne5 Ra5 41. Nd7 a3 0-1

[Event "1. jun. liga - 2017."]
[Site "Sv. Filip i Jakov, TN "]
[Date "2017.04.20"]
[Round "4.3"]
[White "Toplak, Juraj"]
[Black "Markovic, Franjo-Josip"]
[Result "0-1"]
[WhiteElo "2052"]
[BlackElo "1979"]
[PlyCount "116"]
[EventDate "2017.04.18"]

1. e4 e6 2. d4 d5 3. Nd2 Nf6 4. exd5 exd5 5. Ngf3 Bd6 6. Bd3 Bg4 7. O-O O-O 8.
c3 Nbd7 9. Re1 c6 10. Nf1 Qc7 11. h3 Bh5 12. b3 Rae8 13. Rxe8 Rxe8 14. Bb2 Ne4
15. Be2 Ndf6 16. c4 Ng5 17. Ne5 Bxe2 18. Qxe2 c5 19. Qc2 cxd4 20. Nd3 dxc4 21.
Qxc4 Qxc4 22. bxc4 Ne6 23. Nd2 Rc8 24. Rc1 b6 25. Nb3 Bc5 26. g3 Ne4 27. Kg2
Nd6 28. Ne5 f6 29. Nf3 Kf7 30. Nfxd4 Nxd4 31. Bxd4 Bxd4 32. Nxd4 Rxc4 33. Rd1
b5 34. Nb3 Rc6 35. Rd2 Ke7 36. Nd4 Rb6 37. Nb3 Nc4 38. Re2+ Kd6 39. Re8 a5 40.
Rd8+ Ke7 41. Rg8 Kf7 42. Rc8 a4 43. Nc5 Ne5 44. f4 Rc6 45. Rxc6 Nxc6 46. Ne4 b4
47. Kf2 Nd4 48. Ke3 b3 49. Nc3 Nb5 50. axb3 Nxc3 51. Kd3 axb3 52. Kxc3 Ke6 53.
Kxb3 Kf5 54. Kc4 Ke4 55. f5 Kf3 56. Kd5 Kxg3 57. Ke4 Kxh3 58. Kf3 g5 0-1

[Event "1. jun. liga - 2017."]
[Site "Sv. Filip i Jakov, TN "]
[Date "2017.04.20"]
[Round "4.4"]
[White "Plenca, Jadranko"]
[Black "Pavic, Filip"]
[Result "1-0"]
[WhiteElo "2431"]
[BlackElo "2254"]
[PlyCount "57"]
[EventDate "2017.04.18"]

1. e4 c5 2. Nf3 d6 3. Bb5+ Nd7 4. d4 cxd4 5. Qxd4 a6 6. Be2 Ngf6 7. O-O e5 8.
Qe3 Be7 9. c4 O-O 10. Nc3 Nc5 11. b4 Ne6 12. Rd1 Qc7 13. Qd3 Rd8 14. Be3 Bd7
15. Rac1 Qb8 16. Nd5 Nxd5 17. exd5 Nf8 18. c5 Rc8 19. Qb1 h6 20. Bd3 a5 21. a3
axb4 22. axb4 Rc7 23. Be4 Qc8 24. c6 bxc6 25. Bb6 f5 26. dxc6 fxe4 27. cxd7
Rxc1 28. dxc8=Q Rxb1 29. Qc4+ 1-0

[Event "1. jun. liga - 2017."]
[Site "Sv. Filip i Jakov, TN "]
[Date "2017.04.20"]
[Round "4.4"]
[White "Pavcevic, Bruno"]
[Black "Krsnik Cohar, Ivan Vihor"]
[Result "0-1"]
[WhiteElo "2073"]
[BlackElo "2324"]
[PlyCount "182"]
[EventDate "2017.04.18"]

1. c4 c6 2. Nf3 d5 3. cxd5 cxd5 4. g3 Nf6 5. Bg2 Bg4 6. Ne5 Bf5 7. O-O e6 8. d3
Bd6 9. Qa4+ Nbd7 10. Nxd7 Qxd7 11. Qb3 O-O 12. Bg5 Be5 13. Nd2 a5 14. Nf3 Bd6
15. Bxf6 gxf6 16. a4 Bb4 17. Nh4 Bg4 18. f3 Bh5 19. g4 Bg6 20. f4 Bd2 21. f5
Bg5 22. fxg6 Bxh4 23. gxh7+ Kxh7 24. d4 Bg5 25. h4 Bh6 26. Rxf6 Bg7 27. Qd3+
Kg8 28. Rf4 Rac8 29. g5 e5 30. dxe5 Bxe5 31. Rf5 Bxb2 32. Raf1 Rc1 33. Bxd5
Bd4+ 34. Kg2 Rxf1 35. Kxf1 Qxa4 36. e3 Bg7 37. g6 Qxh4 38. Bxf7+ Kh8 39. Qd5
Qh3+ 40. Ke2 Qg4+ 41. Kd2 Qb4+ 42. Kd1 Qg4+ 43. Kd2 Qb4+ 44. Kd3 Qc3+ 45. Ke4
Bh6 46. Qe5+ Qxe5+ 47. Rxe5 b6 48. Rb5 Rb8 49. Kd4 Rd8+ 50. Rd5 Rc8 51. Rb5 Bf8
52. e4 Bc5+ 53. Ke5 Kg7 54. Kf5 a4 55. Rb2 Rh8 56. Rc2 a3 57. Rd2 Rh5+ 58. Kg4
Rh1 59. Kf5 Rf1+ 60. Ke6 Rf6+ 61. Ke5 b5 62. Rd8 Rxf7 63. gxf7 b4 64. Kd5 b3
65. Kxc5 Kxf7 66. Rd3 b2 67. Rb3 a2 68. Rxb2 a1=Q 69. Rb4 Ke6 70. Rc4 Ke5 71.
Kb4 Qb2+ 72. Kc5 Qb7 73. Rb4 Qa7+ 74. Kb5 Kd6 75. Kc4 Qc5+ 76. Kb3 Qe3+ 77. Ka4
Qe2 78. Rb5 Kc6 79. Rb3 Kc5 80. Rc3+ Kd4 81. Rb3 Kc5 82. Ka3 Qd2 83. Rb8 Qc3+
84. Rb3 Qc1+ 85. Ka2 Kc4 86. Rb8 Qc2+ 87. Ka1 Qd1+ 88. Kb2 Qd2+ 89. Ka1 Qd4+
90. Kb1 Qg1+ 91. Ka2 Qa7+ 0-1

[Event "1. jun. liga - 2017."]
[Site "Sv. Filip i Jakov, TN "]
[Date "2017.04.20"]
[Round "4.4"]
[White "Cvitan, Ena"]
[Black "Erenda, Bruno"]
[Result "1/2-1/2"]
[WhiteElo "2170"]
[BlackElo "2091"]
[PlyCount "60"]
[EventDate "2017.04.18"]

1. d4 d5 2. c4 dxc4 3. Nf3 Nf6 4. e3 e6 5. Bxc4 c5 6. O-O a6 7. Bb3 Be7 8. Qe2
O-O 9. e4 cxd4 10. Rd1 Nc6 11. e5 Nd7 12. Nxd4 Ncxe5 13. Nc3 Bc5 14. Ne4 Bxd4
15. Rxd4 Nc6 16. Rd3 Qe7 17. Rh3 Re8 18. Qh5 Nf8 19. Bg5 f6 20. Bxf6 gxf6 21.
Nxf6+ Qxf6 22. Qxe8 Nd4 23. Rd1 Nf5 24. Re1 Ng7 25. Qa4 Bd7 26. Qe4 Bc6 27. Qg4
Kh8 28. Bc2 Rd8 29. Rd3 Bd5 30. Red1 Rd7 1/2-1/2

[Event "1. jun. liga - 2017."]
[Site "Sv. Filip i Jakov, TN "]
[Date "2017.04.20"]
[Round "4.4"]
[White "Balen, Teo"]
[Black "Duda, Daniel"]
[Result "0-1"]
[WhiteElo "1995"]
[BlackElo "1857"]
[PlyCount "58"]
[EventDate "2017.04.18"]

1. d4 Nf6 2. c4 e6 3. Nc3 Bb4 4. e3 c5 5. Nge2 cxd4 6. exd4 d5 7. a3 Bxc3+ 8.
Nxc3 dxc4 9. Bxc4 O-O 10. O-O Nc6 11. d5 exd5 12. Nxd5 Nxd5 13. Bxd5 Qf6 14.
Qe2 Bf5 15. Be3 Rad8 16. Rfd1 b6 17. Rac1 Ne5 18. Rc3 Rfe8 19. Qf1 Ng4 20. Bf4
Be4 21. Bc7 Rxd5 22. Rxd5 Bxd5 23. h3 Nh6 24. Qb5 Re1+ 25. Kh2 Qg5 26. Bg3 Ng4+
27. hxg4 Qh6+ 28. Bh4 Qxh4+ 29. Rh3 Rh1+ 0-1

[Event "1. jun. liga - 2017."]
[Site "Sv. Filip i Jakov, TN "]
[Date "2017.04.21"]
[Round "5.1"]
[White "Pavic, Filip"]
[Black "Jambresic, Filip"]
[Result "1-0"]
[WhiteElo "2254"]
[BlackElo "1966"]
[PlyCount "53"]
[EventDate "2017.04.18"]

1. e4 c5 2. Nf3 e6 3. d4 cxd4 4. Nxd4 a6 5. Bd3 Qc7 6. O-O Nf6 7. Qe2 d6 8. c4
Be7 9. Nc3 Nc6 10. Nxc6 bxc6 11. f4 h5 12. b3 Ng4 13. h3 Qa7+ 14. Kh1 e5 15. f5
Bb7 16. g3 Nf6 17. Be3 c5 18. b4 Qb8 19. bxc5 dxc5 20. Rab1 Qc7 21. Rfc1 Bd6
22. Nd5 Bxd5 23. cxd5 Qa5 24. Bd2 Qxa2 25. Kg2 Qa4 26. Ra1 Qd7 27. Bb5 1-0

[Event "1. jun. liga - 2017."]
[Site "Sv. Filip i Jakov, TN "]
[Date "2017.04.21"]
[Round "5.1"]
[White "Golub, Nikolina"]
[Black "Pavcevic, Bruno"]
[Result "1/2-1/2"]
[WhiteElo "1881"]
[BlackElo "2073"]
[PlyCount "68"]
[EventDate "2017.04.18"]

1. d4 Nf6 2. c4 e6 3. Nf3 b6 4. Nc3 Bb7 5. Bf4 Bb4 6. a3 Bxc3+ 7. bxc3 Ne4 8.
Qc2 d6 9. e3 O-O 10. Bd3 f5 11. h4 Qe8 12. Rg1 Nd7 13. g4 e5 14. Bh2 Nxf2 15.
Bxf5 Bxf3 16. Qxf2 e4 17. Bf4 Nb8 18. Qa2 Kh8 19. c5 bxc5 20. dxc5 Qc6 21. cxd6
cxd6 22. Be6 Na6 23. Kf2 Qxc3 24. Rac1 Qf6 25. g5 Qg6 26. Bg4 Bxg4 27. Rxg4 Nc5
28. Kg3 Rab8 29. Rxc5 dxc5 30. Bxb8 Rxb8 31. Qd5 Qa6 32. Qxc5 Qf1 33. Rf4 Qg1+
34. Kh3 Qh1+ 1/2-1/2

[Event "1. jun. liga - 2017."]
[Site "Sv. Filip i Jakov, TN "]
[Date "2017.04.21"]
[Round "5.1"]
[White "Erenda, Bruno"]
[Black "Rickovic, Tomislav"]
[Result "1-0"]
[WhiteElo "2091"]
[BlackElo "1636"]
[PlyCount "43"]
[EventDate "2017.04.18"]

1. d4 d5 2. c4 e6 3. Nc3 Nf6 4. cxd5 exd5 5. Bg5 Be7 6. e3 Bf5 7. Qb3 b6 8.
Bxf6 Bxf6 9. Qxd5 Qxd5 10. Nxd5 Bd8 11. Be2 Be4 12. Bf3 Bxf3 13. Nxf3 c6 14.
Nc3 O-O 15. O-O Nd7 16. Rac1 c5 17. Rfd1 Bf6 18. Nd5 cxd4 19. exd4 Rfd8 20. Rc7
a5 21. Rxd7 Rxd7 22. Nxb6 1-0

[Event "1. jun. liga - 2017."]
[Site "Sv. Filip i Jakov, TN "]
[Date "2017.04.21"]
[Round "5.1"]
[White "Mesar, Vedran"]
[Black "Balen, Teo"]
[Result "0-1"]
[WhiteElo "1504"]
[BlackElo "1995"]
[PlyCount "98"]
[EventDate "2017.04.18"]

1. e4 c5 2. Nf3 Nc6 3. d4 cxd4 4. Nxd4 Nf6 5. Nc3 e6 6. a3 a6 7. Bg5 Be7 8. Bc4
Qa5 9. Nxc6 Qxg5 10. Nxe7 Qxg2 11. Ke2 Qg4+ 12. f3 Qg2+ 13. Kd3 Kxe7 14. Rg1
Qf2 15. Rxg7 Qxh2 16. Qg1 Qd6+ 17. Qd4 Qxd4+ 18. Kxd4 b5 19. Bb3 Bb7 20. Rh1 d6
21. Ne2 Rag8 22. Rhg1 Rxg7 23. Rxg7 Rg8 24. Rxg8 Nxg8 25. Ng3 Kf6 26. c4 Kg5
27. Ne2 h5 28. c5 dxc5+ 29. Kxc5 h4 30. Ng1 Kf4 31. Kb6 Ba8 32. Nh3+ Kg3 33.
Ng5 f6 34. Bxe6 fxg5 35. e5 Bxf3 36. Bxg8 h3 37. e6 h2 38. e7 Bc6 39. Bd5 Bxd5
40. e8=Q h1=Q 41. Qe3+ Kh4 42. Qd4+ g4 43. Qh8+ Kg3 44. Qe5+ Kh3 45. Qh8+ Kg2
46. Qf6 g3 47. Kc5 Bf3 48. b4 Qc1+ 49. Kd6 Qc6+ 0-1

[Event "1. jun. liga - 2017."]
[Site "Sv. Filip i Jakov, TN "]
[Date "2017.04.21"]
[Round "5.2"]
[White "Tica, Sven"]
[Black "Plenca, Jadranko"]
[Result "1/2-1/2"]
[WhiteElo "2348"]
[BlackElo "2431"]
[PlyCount "46"]
[EventDate "2017.04.18"]

1. d4 Nf6 2. c4 e6 3. g3 Bb4+ 4. Bd2 Qe7 5. Nf3 Nc6 6. Nc3 Bxc3 7. Bxc3 Ne4 8.
Rc1 Nxc3 9. Rxc3 d6 10. Bg2 O-O 11. d5 Nb8 12. O-O e5 13. b4 Bg4 14. c5 a5 15.
a3 axb4 16. axb4 Na6 17. Qb3 dxc5 18. bxc5 e4 19. Nd2 Nxc5 20. Qc2 b6 21. Bxe4
Nxe4 22. Qxe4 Qxe4 23. Nxe4 Bxe2 1/2-1/2

[Event "1. jun. liga - 2017."]
[Site "Sv. Filip i Jakov, TN "]
[Date "2017.04.21"]
[Round "5.2"]
[White "Krsnik Cohar, Ivan Vihor"]
[Black "Makovec, Bruno"]
[Result "0-1"]
[WhiteElo "2324"]
[BlackElo "2186"]
[PlyCount "90"]
[EventDate "2017.04.18"]

1. d4 Nf6 2. Bg5 e6 3. e3 c5 4. c3 cxd4 5. exd4 Be7 6. Nd2 Nc6 7. Ngf3 b6 8.
Bd3 Bb7 9. O-O O-O 10. Re1 h6 11. Bh4 Nh5 12. Bxe7 Nxe7 13. Ne5 Nf4 14. Be4
Bxe4 15. Nxe4 d6 16. Nf3 Nfg6 17. Qd2 Nd5 18. Rac1 Nf6 19. Ng3 Qd7 20. c4 Rac8
21. b3 Qb7 22. h4 Rfd8 23. h5 Nf8 24. Qf4 d5 25. Ne5 N8d7 26. Nxd7 Nxd7 27. Nf1
Nf6 28. g4 dxc4 29. bxc4 Qc7 30. Re5 Nd7 31. Re4 Qxf4 32. Rxf4 e5 33. dxe5 Nxe5
34. Rc2 Rc5 35. Ne3 Rdc8 36. Re2 Kh7 37. Rf5 f6 38. Rc2 R5c7 39. Kg2 Nxc4 40.
Nd5 Ne3+ 41. fxe3 Rxc2+ 42. Kf3 R8c5 43. e4 Rxa2 44. Ke3 Rg2 45. Kf3 Rg1 0-1

[Event "1. jun. liga - 2017."]
[Site "Sv. Filip i Jakov, TN "]
[Date "2017.04.21"]
[Round "5.2"]
[White "Zadravec, Matija"]
[Black "Cvitan, Ena"]
[Result "1/2-1/2"]
[WhiteElo "2119"]
[BlackElo "2170"]
[PlyCount "88"]
[EventDate "2017.04.18"]

1. e4 c6 2. d4 d5 3. exd5 cxd5 4. Bf4 Nc6 5. c3 Nf6 6. Nd2 g6 7. Be2 Bg7 8. h3
O-O 9. Ngf3 a6 10. O-O b5 11. a3 Bf5 12. Re1 Qb6 13. Bf1 Ra7 14. Ne5 Ne4 15.
Nxe4 Bxe4 16. Nxc6 Qxc6 17. f3 Bf5 18. Qb3 Rb7 19. Qb4 Rc8 20. Qb3 a5 21. g4
Be6 22. Rec1 Qb6 23. Kg2 Re8 24. Bd3 f6 25. Re1 Bf7 26. Qc2 e5 27. dxe5 fxe5
28. Bg3 b4 29. cxb4 axb4 30. a4 b3 31. Qd2 e4 32. fxe4 Qd4 33. e5 Bxe5 34. Bxe5
Rxe5 35. Rxe5 Qxe5 36. Re1 Qd4 37. a5 Rc7 38. Re2 Qa4 39. a6 d4 40. Rf2 Qc6+
41. Kh2 Re7 42. Qf4 Qc5 43. Qb8+ Kg7 44. Qf4 Kg8 1/2-1/2

[Event "1. jun. liga - 2017."]
[Site "Sv. Filip i Jakov, TN "]
[Date "2017.04.21"]
[Round "5.2"]
[White "Duda, Daniel"]
[Black "Toplak, Juraj"]
[Result "0-1"]
[WhiteElo "1857"]
[BlackElo "2052"]
[PlyCount "84"]
[EventDate "2017.04.18"]

1. e4 d5 2. exd5 Nf6 3. Bb5+ Nbd7 4. c4 a6 5. Bxd7+ Qxd7 6. d3 b5 7. Nc3 c6 8.
dxc6 Qxc6 9. Qf3 Bb7 10. Qxc6+ Bxc6 11. Nf3 b4 12. Ne2 Rd8 13. d4 e6 14. Bf4
Nh5 15. Be3 h6 16. O-O-O g5 17. Rhe1 Bg7 18. d5 Bd7 19. Bb6 Rc8 20. c5 O-O 21.
Ned4 exd5 22. Re7 Bg4 23. Ra7 Nf4 24. h3 Bxd4 25. Nxd4 Bxd1 26. Kxd1 Nd3 27. c6
Nxb2+ 28. Kc2 Na4 29. Rxa6 Nxb6 30. Rxb6 Rb8 31. Rxb8 Rxb8 32. Nf5 Kf8 33. Nd6
Rb6 34. c7 Rc6+ 35. Kb3 Rxc7 36. Kxb4 d4 37. Ne4 f5 38. Nd2 Rc2 39. Nb3 d3 40.
a4 d2 41. Nxd2 Rxd2 42. a5 Rxf2 0-1

[Event "1. jun. liga - 2017."]
[Site "Sv. Filip i Jakov, TN "]
[Date "2017.04.21"]
[Round "5.3"]
[White "Saric, Luka"]
[Black "Muha, Miljenko"]
[Result "1/2-1/2"]
[WhiteElo "2129"]
[BlackElo "2268"]
[PlyCount "89"]
[EventDate "2017.04.18"]

1. Nf3 d5 2. d4 Nf6 3. c4 dxc4 4. e3 a6 5. Bxc4 b5 6. Bb3 Bb7 7. O-O e6 8. Nc3
c5 9. Qe2 Nbd7 10. Rd1 Qb6 11. a4 b4 12. a5 Qc7 13. Na4 Qxa5 14. Bd2 cxd4 15.
exd4 Qh5 16. Bxe6 fxe6 17. Qxe6+ Kd8 18. Ne5 Bd5 19. Nc6+ Bxc6 20. Qxc6 Qd5 21.
Qc2 Bd6 22. Nc5 Rf8 23. Bxb4 a5 24. Rxa5 Rb8 25. Na6 Rb5 26. Rxb5 Qxb5 27. Bxd6
Qxa6 28. Qc7+ Ke8 29. Re1+ Kf7 30. Bxf8 Kxf8 31. Qd8+ Kf7 32. h3 Qd6 33. d5
Qxd5 34. Qe7+ Kg6 35. b4 Qb5 36. Rd1 h5 37. Re1 Kh7 38. Re3 h4 39. Re1 Qc4 40.
Qd6 Qc3 41. Rd1 Qb3 42. Re1 Qc4 43. Rd1 Qb3 44. Re1 Qc3 45. Rd1 1/2-1/2